QCM en escalier sur la France - Statistiques

Statistiques générales
  • Ce quiz a été pris 40 fois
  • Le résultat moyen est 7 sur 13
Statistiques - réponses
Question Réponse % Correct
Sur le numéro de la carte vitale française, quel est le premier chiffre qui apparait si la personne est un homme ? 1
94%
Lequel de ces vaccins a été inventé par Louis Pasteur ? Vaccin contre la rage
83%
Quel ancien Premier ministre sous Emmanuel Macron a remplacé Jean-Pierre Farandou pour devenir PDG de la SNCF en 2025 ? Jean Castex
80%
Lequel de ces gouffre français est célèbre pour sa rivière souterraine navigable en barque ? Gouffre de Padirac
71%
L'auteure du roman "L'amant" est Marguerite Duras. Vrai ou faux ? Vrai
71%
Quel poètesse française a écrit le poème "Je vis, je meurs" en 1556 ? Louise Labé
51%
De combien de membres était composé le groupe "Les Rita Mitsouko" ? 2
43%
Dans quel arrondissement de Paris est situé la tour Eiffel ? 7ème arrondissement
40%
Dans quelle ville de France le protagoniste du film "Les Vacances de monsieur Hulot" passe-t-il ses vacances ? Saint-Nazaire
37%
Sur combien de points est basé l'examen du permis de conduire en France ? 31
34%
Combien de dynasties napoléoniennes ont eu lieu en France ? 3
23%
Quel studio d'animation français a produit la série d'animation "Arcane" ? Fortiche Production
23%
Quel région de France a comme spécialité la tarte Tatin ? Centre-Val de Loire
9%
Aucun quiz correspondant
Distribution des résultats
% des personnes avec chaque résultat
Percentile par nombre de réponses
Votre historique - résultats
Vous n’avez pas pris ce quiz